Đánh giá hiện trạng chât lượng nước sông Vu Gia - Cầu Đỏ, thành phố Đà Nẵng thông qua một số chỉ tiêu lý hóa, phục vụ dự án cấp nước sinh hoạt của nhà máy nước cầu đỏ

Tổng quan: Giới thiệu về nguồn nước. Sự ô nhiễm nguồn nước...Phương pháp nghiên cứu. Kết quả và thảo luận.

Saved in:
Bibliographic Details
Main Author: Võ, Thị Ngọc Mai (Tác giả)
Other Authors: Phạm Thị Hà Th.S (Hướng dẫn)
Format: Book
Language:Vietnamese
Published: Đà Nẵng Đại học Sư phạm 2011
Subjects:
Tags: Add Tag
No Tags, Be the first to tag this record!
Institutions: Mạng thư viện Đại học Đà Nẵng
LEADER 01563nam a2200349 4500
001 000012594
003 8899
005 20120222150217.0
008 120222s2011 viesd
041 |a vie 
072 |a Khóa luận tốt nghiệp 
082 |a 546.22  |b VO-M 
100 |a Võ, Thị Ngọc Mai  |e Tác giả 
245 |a Đánh giá hiện trạng chât lượng nước sông Vu Gia - Cầu Đỏ, thành phố Đà Nẵng thông qua một số chỉ tiêu lý hóa, phục vụ dự án cấp nước sinh hoạt của nhà máy nước cầu đỏ  |c Võ Thị Ngọc Mai 
260 |a Đà Nẵng  |b Đại học Sư phạm  |c 2011 
300 |a 50 tr.  |c 29 cm 
500 |a Khóa luận tốt nghiệp khoa Hóa. Lớp 07 CHP 
520 |a Tổng quan: Giới thiệu về nguồn nước. Sự ô nhiễm nguồn nước...Phương pháp nghiên cứu. Kết quả và thảo luận. 
653 |a Chất lượng nước 
653 |a Sông Vu Gia - Cầu Đỏ 
653 |a Dự án cấp nước sinh hoạt 
700 |a Phạm Thị Hà  |c Th.S  |e Hướng dẫn 
OWN |a LSP 
AVA |a UDN50  |b LSP  |d 546.22 VO-M  |e available  |t Error 5001 Not defined in file expand_doc_bib_avail.  |f 1  |g 0  |h N  |i 0  |k 1 
999 |a From the UDN01 
AVA |a UDN50  |b LSP  |d 546.22 VO-M  |e available  |t Error 5001 Not defined in file expand_doc_bib_avail.  |f 1  |g 0  |h N  |i 0  |k 1 
TYP |a Monograph 
TYP |a Printed language 
980 |a Mạng thư viện Đại học Đà Nẵng